Statistiques concernant Culture Générale - Série 631

Cliquez ici pour prendre le quiz!

Statistiques générales

  • Ce quiz a été pris 166 fois
    (158 depuis la dernière actualisation)
  • Le résultat moyen est 8 sur 10

Statistiques - réponses

QuestionRéponse% Correct
Quelle anagramme du mot "chien" désigne son abri ?niche
99%
omplétez la formule enfantine de serment : "Croix de bois, croix de fer, si je mens...je vais en enfer
97%
Combien un homme adulte possède-t-il d'incisives ?8
93%
Selon l'expression familière, que va-t-on "se faire tirer" chez un photographe ?Le portrait
91%
Sous quel surnom connaît-on mieux le champion de golf américain Eldrick Woods ?Tiger
87%
Avec quel humoriste Louis de Funès partage-t-il l'affiche de "L'Aile ou la Cuisse", en 1976 ?Coluche
82%
A quel chanteur américain doit-on les tubes "Purple Rain" et "Kiss" ?Prince
67%
Du haut du balcon de la Basilique Saint-Pierre de Rome, le pape donne la bénédiction "Urbi et...Orbi
62%
Quel nom porte le panier de vannerie, sans anse et de texture grossière, servant au transport des huîtres ?bourriche
56%
Quel danseur et comédien américain a pour vrai nom Frederick Austerlitz ?Fred Astaire
54%

Distribution des résultats

Percentile par nombre de réponses

% des personnes avec chaque résultat

Votre développement - résultats

Vous n’avez pas pris ce quiz depuis la dernière actualisation